000 00425nam a22001697a 4500
999 _c9055
_d9055
003 OSt
008 200715b ||||| |||| 00| 0 eng d
020 _a9789386084323
082 _a615.7YAC
100 _aYadav, A. V. and Jadhav, P. A
245 _aCalculations in pharmaceutical sciences
250 _a2019
260 _aNew Delhi
_bNirali
300 _aPg-16.4
650 _aMathematica and Statistics
942 _2ddc
_cBK